| 000 | 00843nam a2200253 i 4500 | ||
|---|---|---|---|
| 001 | 000016835 | ||
| 003 | DO-SdBNP | ||
| 005 | 20241120104443.0 | ||
| 007 | ta | ||
| 008 | 100310s2000 dr ac 001 0 spa d | ||
| 040 |
_aDO-SdBNP _bspa _cBNPHU _erda |
||
| 082 |
_axxxx _bM385l _222 |
||
| 100 | 1 |
_aMartínez Brea, Bienvenido A. _eautor _937283 |
|
| 245 | 1 | 3 |
_aEl legado de un estadista / _cBienvenido A. Martínez Brea ; coolaboradores Dinorah Sánchez |
| 264 |
_aSanto Domingo : _bTaller de Proyecto Cronos _bCentenario, _c2000. |
||
| 300 |
_a249 páginas : _bilustraciones retratos. ; _c32 cm. |
||
| 336 |
_ardacontent _btexto _2txt |
||
| 337 |
_ardamedia _bsin mediación _2n |
||
| 338 |
_ardacarrier _bvolumen _2nc |
||
| 590 | _aInventariado, 2024/DG | ||
| 700 | 1 |
_aSánchez Dinorah _ecolaboradora _937284 |
|
| 910 | _aDG | ||
| 942 |
_2ddc _cLBS1 |
||
| 999 |
_c16367 _d16367 |
||